000 00534nam a22001817a 4500
003 CEME
005 20210628202357.0
008 210128b xxu||||| |||| 00| 0 eng d
020 _a0-471-11003-5
040 _c.
082 _a621.3692 ROW
100 _aRowe, Harrison E
_959624
245 _aElectromagnetic propagation in multi mode random media
260 _aNEW YORK
_bJOHN WILEY & SONS
_c1999
300 _aXI,233
650 _aFIBER OPTICS, OPTICAL WAVE GUIDES, ELECTROMAGNETIC WAVES TRANSMISSION
_959625
942 _cBK
_2ddc
999 _c569556
_d569556